Escalações dos títulos nacionais do Flu - Statistics

Estatísticas Gerais
  • Esse quiz foi jogado 58 vezes
  • A pontuação média é 32 de 66
Estatísticas das Respostas
ANO TÍTULO POSIÇÃO Resposta % Correto
2010 Brasileirão ATA Fred
100%
2012 Brasileirão ATA Fred
100%
2010 Brasileirão MC Conca
92%
2010 Brasileirão ZG Gum
88%
2012 Brasileirão ZG Gum
88%
2012 Brasileirão TEC Abel Braga
86%
2012 Brasileirão GOL Diego Cavalieri
84%
1984 Brasileirão ATA Washington
84%
2010 Brasileirão ATA(RES) Washington
84%
2012 Brasileirão MC Thiago Neves
82%
2010 Brasileirão ZG Leandro Euzébio
78%
2012 Brasileirão ZG Leandro Euzébio
78%
2010 Brasileirão TEC Muricy Ramalho
76%
2007 CDB LD Carlinhos
73%
2010 Brasileirão LE Carlinhos
73%
2012 Brasileirão LE Carlinhos
73%
2012 Brasileirão ATA Wellington Nem
73%
1970 Brasileirão ZG Assis
71%
1984 Brasileirão MC Assis
71%
2010 Brasileirão MC Diguinho
71%
2012 Brasileirão MC Diguinho
71%
2012 Brasileirão ATA Rafael Sóbis
69%
2010 Brasileirão GOL Ricardo Berna
69%
2007 CDB ZG Thiago SIlva
69%
2007 CDB GOL Fernando Henrique
65%
2010 Brasileirão LD Mariano
63%
2007 CDB MC Carlos Alberto
61%
2012 Brasileirão MC Jean
61%
1984 Brasileirão MC Romerito
55%
2007 CDB TEC Renato Gaúcho
53%
2007 CDB MC Arouca
51%
1970 Brasileirão ATA (RES) Mickey
51%
2007 CDB LE (RES) Roger Machado
51%
1970 Brasileirão GOL Félix
49%
2007 CDB ATA Adriano Magrão
45%
2007 CDB MC Cícero
45%
2010 Brasileirão MC Valencia
45%
2012 Brasileirão MC(RES) Valencia
45%
2007 CDB ZG Luiz Alberto
43%
2010 Brasileirão ATA Sheik
43%
1984 Brasileirão TEC Carlos Alberto Parreira
41%
1984 Brasileirão ZG Ricardo Gomes
41%
1984 Brasileirão LE Branco
39%
1984 Brasileirão GOL Paulo Victor
37%
2010 Brasileirão MC Júlio Cesár
29%
1984 Brasileirão MC Deley
27%
2007 CDB ATA Alex Dias
24%
1984 Brasileirão ZG Duílio
24%
2012 Brasileirão ATA(RES) Marcos Junior
24%
2012 Brasileirão LD Bruno Vieira
22%
1970 Brasileirão MC Didi
20%
2007 CDB MC Fabinho
20%
1970 Brasileirão PE Lula
20%
1984 Brasileirão ATA Tato
20%
1984 Brasileirão LD Aldo
16%
2010 Brasileirão LD(RES) Belletti
12%
2007 CDB LE Ivan
12%
1970 Brasileirão MC Samarone
12%
1984 Brasileirão MC Jandir
10%
1970 Brasileirão PD Cafuringa
6%
1970 Brasileirão ATA Flávio Minuano
6%
1970 Brasileirão LE Marco Antônio
6%
1970 Brasileirão LD Oliveira
4%
1970 Brasileirão MC Denilson
2%
1970 Brasileirão ZG Galhardo
2%
1970 Brasileirão TEC Paulo Amaral
2%
Nenhum quiz correspondente encontrado
Distribuição das Pontuações
Porcentagem de Pessoas com Cada Pontuação
Percentil de Números Respondidos
Sua Pontuação Histórica
Você não jogou esse quiz